Detalles MARC
| 000 -CABECERA |
| campo de control de longitud fija |
00988nam a2200265 a 4500 |
| 001 - NÚMERO DE CONTROL |
| campo de control |
000020214 |
| 005 - FECHA Y HORA DE LA ÚLTIMA TRANSACCIÓN |
| campo de control |
20200929170321.0 |
| 008 - DATOS DE LONGITUD FIJA--INFORMACIÓN GENERAL |
| campo de control de longitud fija |
100727s1959 sp r 001 0 spa d |
| 040 ## - FUENTE DE LA CATALOGACIÓN |
| Centro catalogador/agencia de origen |
DO-SdBNP |
| Lengua de catalogación |
spa |
| Centro/agencia transcriptor |
BNPHU |
| 082 ## - NÚMERO DE LA CLASIFICACIÓN DECIMAL DEWEY |
| Número de clasificación |
920.046 |
| Número de documento/Ítem |
Q77v, 1959 |
| 049 ## - FONDOS LOCALES (OCLC) |
| Fondos de biblioteca |
BNGR |
| 100 1# - ENTRADA PRINCIPAL--NOMBRE DE PERSONA |
| Nombre de persona |
Quintana, M. J., |
| Fechas asociadas al nombre |
1783-1842 |
| Forma completa/desarrollada del nombre |
Quintana, Manuel José, |
| 9 (RLIN) |
42814 |
| 245 10 - MENCIÓN DE TÍTULO |
| Título |
Vida de españoles célebres / |
| Mención de responsabilidad, etc. |
M. J. Quintana. |
| 246 11 - FORMA VARIANTE DE TÍTULO |
| Texto de visualización |
El Cid- Guzmán el bueno, Roger De Lauria |
| 250 ## - MENCIÓN DE EDICIÓN |
| Mención de edición |
3a ed. |
| 260 ## - PUBLICACIÓN, DISTRIBUCIÓN, ETC. |
| Lugar de publicación, distribución, etc. |
Madrid, (España) : |
| Nombre del editor, distribuidor, etc. |
Espasa-Calpe, |
| Fecha de publicación, distribución, etc. |
1959. |
| 300 ## - DESCRIPCIÓN FÍSICA |
| Extensión |
144 p. ; |
| Dimensiones |
18 cm. |
| 490 1# - MENCIÓN DE SERIE |
| Mención de serie |
Austral. Anaranjada : libros políticos y documentos de la época ; |
| Designación de volumen o secuencia |
826 |
| 500 ## - NOTA GENERAL |
| Nota general |
Incluye índice de autores. |
| 500 ## - NOTA GENERAL |
| Nota general |
Incluye referencias bibliográficas |
| 650 #4 - PUNTO DE ACCESO ADICIONAL DE MATERIA--TÉRMINO DE MATERIA |
| Término de materia o nombre geográfico como elemento de entrada |
España |
| Subdivisión general |
Biografías |
| 9 (RLIN) |
42815 |
| 651 #4 - PUNTO DE ACCESO ADICIONAL DE MATERIA--NOMBRE GEOGRÁFICO |
| Nombre geográfico |
España |
| Subdivisión general |
Historia |
| 9 (RLIN) |
8844 |
| 740 3# - PUNTO DE ACCESO ADICIONAL--TÍTULO RELACIONADO O ANALÍTICO NO CONTROLADO |
| Título relacionado o analítico no controlado |
El Cid-Guzmán el bueno, Roger De Lauria |
| 830 #0 - PUNTO DE ACCESO ADICIONAL DE SERIE-TÍTULO UNIFORME |
| Título uniforme |
Austral. |
| Nombre de parte o sección de la obra |
Anaranjada : libros políticos y documentos de la época ; |
| Designación de volumen o secuencia |
826 |
| 9 (RLIN) |
42816 |